00337nam a22001337a 4500003000400000008004100004020001800045100002900063245004200092250001300134260002600147300000800173650002200181OSt201119b ||||| |||| 00| 0 eng d a9781259006463 aBHARGAVA, N.N and Others aBasic Electronics and Linear Circuits a19th Ed. a New DelhibTMHc2019 a482 aB.Sc. Non Medical